00511 2200181 4500001002100000005001500021008004100036020001800077035001900095041000700114082000800121090001400129100001600143245009000159260004700249300001800296650001500314INLIS00000000001326420241224114525241224||||||||| | ||| |||| || |  a979-3625-05-8 0010-1224013264 aid0 a370 a370 JAN p0 aM.Jani Ladi00aPROGRAM KO-KURIKULER:PENGARAHAN PROGRAM CERAMAH UMUM/MUATAN TEKNIS SUBSTANTIF LEMBAGA aJakartabLembaga Administrasi Negarac2009 a14hlm;15X21cm 0apendidikan